• 首页
  • 本馆介绍
  • 公告通知
  • 最新文献
  • 馆藏检索
  • 电子资源
  • 读者导购
  • 参考咨询
  • 我的图书馆
  • 登录
  • 详细信息显示
  • 放入我的书架
  • 预约/预借图书
  • 作者相关作品
  • 分类相关作品
  • 丛书相关作品
  • 出版社相关作品

书目信息

  • 表格格式
  • 工作单格式
  • 卡片格式
题名:
女性史:20世纪卷
    
 
作者: 乔治·杜比 主编
分册:  
出版信息: 杭州   浙江大学出版社  2023.01
页数: 530页
开本: 28cm
丛书名:
单 册:
中图分类: D411.9
科图分类:
主题词: 工人运动 , 工人群众组织
电子资源:
ISBN: 7-308-23187-9
000 00635nam0 2200205 450
001 2661310997
005 20260407170432.74
010    @a7-308-23187-9@dCNY118.00
100    @a20260407d2023 km y0chiy0120 ea
101 0  @achi
102    @aCN@b330000
200 1  @a女性史:20世纪卷@ANu Xing Shi:20 Shi Ji Juan@f(法)乔治·杜比等主编@F(Fa)Qiao Zhi·Du Bi Deng Zhu Bian
210    @a杭州@c浙江大学出版社@d2023.01
215    @a530页@d28cm
606 0  @a工人运动
606 0  @a工人群众组织
690    @aD411.9@v4
701  0 @a乔治·杜比@AQiao Zhi·Du Bi@4主编
801  0 @aCN@b大连网信软件有限公司图书馆·11@c20260407
905    @aZUCC@dD411.9@e54
    
    女性史:20世纪卷/(法)乔治·杜比等主编.-杭州:浙江大学出版社,2023.01
    530页;28cm
    
    
    ISBN 7-308-23187-9:CNY118.00
    
●
相关链接 在E读中查询图书 在五车中查询图书 在当当中查询图书 在豆瓣中查询图书


正题名:女性史:20世纪卷     索取号:D411.9/54         预约/预借

序号 登录号 条形码 馆藏地/架位号 状态 备注
1 1442477   214424773   第一样本阅览室/ [索取号:D411.9/54] 在馆    
唐山师范学院图书馆 欢迎您!
大连网信软件有限公司© 版权所有